Phoenix Suns Leading Rebounder per year - Statistics

General Stats
  • This quiz has been taken 25 times
    20 since last reset
  • The average score is 30 of 57
Answer Stats
Year Player % Correct
1996 Charles Barkley
100%
1995 Charles Barkley
100%
1994 Charles Barkley
100%
1993 Charles Barkley
100%
2023 Deandre Ayton
100%
2022 Deandre Ayton
100%
2021 Deandre Ayton
100%
2020 Deandre Ayton
100%
2019 Deandre Ayton
100%
2007 Shawn Marion
100%
2006 Shawn Marion
100%
2005 Shawn Marion
100%
2004 Shawn Marion
100%
2003 Shawn Marion
100%
2002 Shawn Marion
100%
2001 Shawn Marion
100%
1989 Tom Chambers
92%
2010 Amar'e Stoudemire
85%
1990 Mark West
77%
1981 Alvan Adams
69%
1979 Alvan Adams
69%
2024 Jusuf Nurkić
69%
1988 Larry Nance
69%
1987 Larry Nance
69%
1986 Larry Nance
69%
1985 Larry Nance
69%
2015 Alex Len
46%
2009 Shaquille O'Neal
46%
2008 Shaquille O'Neal
46%
1997 John Williams
38%
2013 Marcin Gortat
38%
2012 Marcin Gortat
38%
2011 Marcin Gortat
38%
2018 Tyson Chandler
38%
2017 Tyson Chandler
38%
2016 Tyson Chandler
38%
1982 Truck Robinson
31%
1980 Truck Robinson
31%
1978 Gar Heard
23%
1977 Gar Heard
23%
1976 Gar Heard
23%
1975 Curtis Perry
15%
1985 Maurice Lucas
15%
1984 Maurice Lucas
15%
1983 Maurice Lucas
15%
1992 Tim Perry
15%
1998 Antonio McDyess
8%
2014 Miles Plumlee
8%
1974 Neal Walk
8%
1973 Neal Walk
8%
1969 Jim Fox
0%
1972 Paul Silas
0%
1971 Paul Silas
0%
1970 Paul Silas
0%
2000 Tom Gugliotta
0%
1999 Tom Gugliotta
0%
1991 Xavier McDaniel
0%
No matching quizzes found
Score Distribution
Percent of People with Each Score
Percentile by Number Answered
Your Score History
You have not taken this quiz since the last reset